000 00863nam a2200265Ia 4500
003 OSt
005 20220923214104.0
006 a|||||r|||| 00| 0
007 ta
008 220922b |||||||| |||| 00| 0 hin d
024 _a166,947
037 _cTextual
040 _aARTS
_cARTS
_bhin
041 _2hin
_ahin
082 _aO152,1J90x, H9
100 _aनन्ददास
_9156280
245 0 _aग्रंथवाली
246 _aGranthavālī
260 _aवाराणसाी
_b नागरी प्रचारिणी सभा
_c1949
300 _a455 पृ.
_ccm.
490 _aनागरीप्रचारिणी ग्रंथमाला; 39
650 _aहिन्दी साहित्य
_9156264
942 _hO152,1J90x, H9
_cTEXL
_2CC
999 _c321426
_d321426